Tous les membres du Gouvernement Mondial et ses alliés - Statistiques

Statistiques générales
  • Ce quiz a été pris 51 fois
    10 depuis la dernière actualisation
  • Le résultat moyen est 117 sur 199
Statistiques - réponses
Affiliation Grade Réponse % Correct
Marine Amiral Commandant en Chef Akainu
100%
Marine Amiral (anciennement) Aokiji
100%
Gouvernement Mondial Shichibukai Boa Hancock
100%
Gouvernement Mondial Shichibukai Crocodile
100%
Gouvernement Mondial Shichibukai Don Quichotte Doflamingo
100%
Marine Lieutenant-Colonel (anciennement) Don Quichotte Rossinante
100%
Gouvernement Mondial Shichibukai Dracule Mihawk
100%
Marine Amiral Fujitora
100%
Gouvernement Mondial Shichibukai Gecko Moria
100%
Marine Commandant (Sword) Hermep
100%
Gouvernement Mondial Dirigeant(e) actuel(le) Imu
100%
Cipher Pol Cipher Pol-AIGIS0 Kaku
100%
Marine Amiral Kizaru
100%
Marine Colonel (Sword) Koby
100%
Gouvernement Mondial Chef des armées Kong
100%
Agent d'Impel Down Vice-Directeur Magellan
100%
Gouvernement Mondial Shichibukai Marshall D. Teach
100%
Marine Vice-Amiral (anciennement), Instructeur Monkey D. Garp
100%
Marine Colonel (anciennement) Morgan
100%
Cipher Pol Cipher Pol-AIGIS0 Rob Lucci
100%
Marine Amiral Ryokugyu
100%
Gouvernement Mondial Dragon Céleste (anciennement) Saint Don Quichotte Doflamingo
100%
Gouvernement Mondial Dragon Céleste (anciennement) Saint Don Quichotte Rossinante
100%
Marine Amiral Commandant en Chef (anciennement) Sengoku
100%
Marine Vice-Amiral Smoker
100%
Marine Colonel Tashigi
100%
Gouvernement Mondial Shichibukai Trafalgar D. Water Law
100%
Marine Vice-Amiral Tsuru
100%
Marine Special Science Groupen(anciennement) Vegapunk
100%
Marine Sous-Amiral, (Sword), (anciennement) X Drake
100%
Gouvernement Mondial Shichibukai Baggy
83%
Gouvernement Mondial Shichibukai Bartholomew Kuma
83%
Agent d'Enies Lobby Juge du tribunal Bas
83%
Marine Vice-Amiral Bastille
83%
Cipher Pol Cipher Pol-AIGIS0 Blueno
83%
Marine Vice-Amiral Dalmatien
83%
Marine Commandant Fullbody
83%
Agent d'Impel Down Chef-Directeur Hannyabal
83%
Marine Sous-Amiral Hina
83%
Cipher Pol Cipher Pol-AIGIS0 Jabura
83%
Marine Commandant Jango
83%
Gouvernement Mondial Shichibukai Jinbe
83%
Cipher Pol Cipher Pol-AIGIS0 Kalifa
83%
Agent d'Impel Down Garde démon Minochihuahua
83%
Agent d'Impel Down Garde démon Minokoala
83%
Agent d'Impel Down Garde démon Minorhinocéros
83%
Agent d'Impel Down Garde démon Minotaure
83%
Gouvernement Mondial Vingt rois dirigeant (anciennement) Nefertari D. Lili
83%
Gouvernement Mondial Chevalier Divin (anciennement), Cinq Doyens Saint Figarland Garling
83%
Gouvernement Mondial Cinq Doyens (anciennement) Saint Jaygarcia Saturn
83%
Gouvernement Mondial Cinq Doyens Saint Marcus Mars
83%
Gouvernement Mondial Cinq Doyens Saint Shepher Ju Peter
83%
Gouvernement Mondial Cinq Doyens Saint Topman Warcury
83%
Pacifista Seraphim S-Bear
83%
Pacifista Seraphim S-Hawk
83%
Agent d'Impel Down Gardien-chef (anciennement) Shilliew
83%
Pacifista Seraphim S-Snake
83%
Marine Vice-Amiral (anciennement) T-Bone
83%
Marine Special Science Groupe (anciennement) Atlas
67%
Marine Special Science Groupe (anciennement) César Clown
67%
Marine Vice-Amiral Doberman
67%
Marine Vice-Amiral Doll
67%
Marine Special Science Groupe (anciennement) Edison
67%
Gouvernement Mondial Shichibukai Edward Weevil
67%
Gouvernement Mondial Chevalier Divin Figarland Shamrock
67%
Gouvernement Mondial Chevalier Divin Gunko
67%
Gouvernement Mondial Shichibukai Hanafuda
67%
Agent d'Enies Lobby Gardiens d'Enies Lobby (anciennement) Kashii
67%
Marine Special Science Groupe Lilith
67%
Agent d'Impel Down Garde démon Minozèbre
67%
Marine Vice-Amiral Momonga
67%
Agent d'Enies Lobby Gardiens d'Enies Lobby (anciennement) Oimo
67%
Marine Vice-Amiral Onigumo
67%
Marine Sous-Amiral, (Sword) Prince Gles
67%
Marine Special Science Groupe (anciennement) Pythagoras
67%
Gouvernement Mondial Dragon Céleste Saint Charlos
67%
Gouvernement Mondial Cinq Doyens Saint Ethanbaron V. Nusjuro
67%
Gouvernement Mondial Chevalier Divin Saint Shepherd Sommers
67%
Marine Special Science Groupe (anciennement) Shaka
67%
Cipher Pol Cipher Pol-AIGIS0 Spandam
67%
Cipher Pol CP9 Spandine
67%
Pacifista Seraphim S-Shark
67%
Marine Vice-Amiral Strawberry
67%
Cipher Pol Cipher Pol-AIGIS0 (anciennement) Stussy
67%
Marine Special Science Groupe York
67%
Agent d'Enies Lobby Juge du tribunal And
50%
Marine Rang Inconnu (anciennement) Bell-mère
50%
Marine Vice-Amiral Bluegrass
50%
Marine Contre-Amiral Brannew
50%
Marine Vice-Amiral Chaton
50%
Agent d'Impel Down Gardienne en chef Domino
50%
Cipher Pol Cipher Pol-AIGIS0 Fukuro
50%
Cipher Pol Cipher Pol-AIGIS0 Funkfreed
50%
Marine Base G-5 Gal
50%
Cipher Pol Cipher Pol-AIGIS0 Guernica
50%
Marine Vice-Amiral (anciennement) Haguar D. Sauro
50%
Cipher Pol Cipher Pol-AIGIS0 Hattori
50%
Marine Commandant (Sword) Hibari
50%
Marine Vice-Amiral Hound
50%
Cipher Pol CP6 Jerry
50%
Marine Vice-Amiral John Giant
50%
Agent d'Enies Lobby Juge du tribunal Kerville
50%
Marine Vice-Amiral Komir
50%
Marine Sous-Amiral, (Sword) Kujaku
50%
Cipher Pol Cipher Pol-AIGIS0 Kumadori
50%
Cipher Pol CP9 Laskey
50%
Cipher Pol Cipher Pol-AIGIS0 (anciennement) Maha
50%
Marine Vice-Amiral Maynard
50%
Marine Vice-Amiral Momousagi
50%
Cipher Pol CP9 (anciennement) Nero
50%
Marine Colonel Nezumi
50%
Marine Contre-Amiral (anciennement) Pudding Pudding
50%
Marine Vice-Amiral Red King
50%
Marine Serveuse Rika
50%
Marine Commandant Ripper
50%
Marine Vice-Amiral Ronse
50%
Agent d'Impel Down Chef de la garde Sadi
50%
Gouvernement Mondial Dragon Céleste (anciennement) Saint Don Quichotte Homing
50%
Gouvernement Mondial Dragon Céleste (anciennement) Saint Don Quichotte Mjosgard
50%
Gouvernement Mondial Dragon Céleste Saint Jalmack
50%
Gouvernement Mondial Chevalier Divin Saint Limoshiv Kiringham
50%
Gouvernement Mondial Dragon Céleste Saint Rosward
50%
Gouvernement Mondial Dragon Céleste Saint Sharlia
50%
Agent d'Impel Down Chef de la garde Saldeath
50%
Marine Colonel Scientifique (anciennement) Sentomaru
50%
Marine Colonel Sharinguru
50%
Marine Colonel Shû
50%
Agent d'Impel Down Bêtes d'Impel Down (Niveau 2) Sphinx
50%
Marine Vice-Amiral Stainless
50%
Marine Sous-Lieutenant Stalker
50%
Marine Directeur du bureau d'enquête criminelle de la Marine Tensei
50%
Marine Vice-Amiral Tosa
50%
Marine Vice-Amiral Urban
50%
Marine Vice-Amiral (anciennement) Vergo
50%
Marine Colonel Very Good
50%
Cipher Pol CP7 Wanze
50%
Cipher Pol CP9 (anciennement) Who's-Who
50%
Marine Vice-Amiral Yamakaji
50%
Marine Sous-Amiral Akehende
33%
Cipher Pol CP8 Alpha
33%
Marine Sergent Asahija
33%
Marine Photographe dans la Marine (anciennement) Attach
33%
Marine Base G-5 Bakezo
33%
Agent d'Impel Down Bêtes d'Impel Down (Niveau 2) Basilic
33%
Marine Rang Inconnu Bogart
33%
Marine Base G-5 Bomba
33%
Marine Vice-Amiral Cancer
33%
Marine Rang Inconnu Candre
33%
Marine Sous-Amiral Catacombo
33%
Gouvernement Mondial Haut gradé du Gouvernement Mondial Corgi
33%
Marine Contre-Amiral Daigin
33%
Marine Vice-Amiral Draw
33%
Marine Médecin Fishbonen
33%
Agent d'Enies Lobby Propriétaire d'une cafeteria Gatherine
33%
Cipher Pol Cipher Pol-AIGIS0 Gismonda
33%
Marine Commandant Glove
33%
Marine Colonel Gorilla
33%
Marine Vice-Amiral Guillotine
33%
Agent d'Impel Down Bêtes d'Impel Down (Niveau 2) Hippo Bouche-Géante
33%
Marine Sous-Lieutenant Isuka
33%
Marine Base G-5 Jero
33%
Agent d'Enies Lobby Juge Jorge
33%
Cipher Pol Cipher Pol-AIGIS0 Joseph
33%
Marine Sous-Amiral Kadar
33%
Marine Colonel Kibin
33%
Marine Chef cuisinier Koda
33%
Marine Chef cuisinier Komakkov
33%
Marine Chef cuisinier Kyuji
33%
Marine Vice-Amiral Lacroix
33%
Marine 1ère classe Lines
33%
Marine Sous-Lieutenant Makko
33%
Gouvernement Mondial Dragon Céleste Manmeyer
33%
Agent d'Impel Down Bêtes d'Impel Down (Niveau 2) Manticores
33%
Marine Sergent Mashikaku
33%
Agent d'Enies Lobby Gardiens d'Enies Lobby Meute de la loi
33%
Marine Rang Inconnu (anciennement) Monkey D. Dragon
33%
Marine Vice-Amiral Mozambia
33%
Agent d'Impel Down Docteur Muchaner
33%
Agent d'Enies Lobby Membres du jury de la cour d'Enies Lobby Onze Jurés
33%
Marine Base G-5 Pike
33%
Marine Vice-Amiral Pomsky
33%
Marine Colonel Ratel
33%
Agent d'Impel Down Bêtes d'Impel Down (Niveau 2) Rats Géants
33%
Marine Sous-Lieutenant Rokkaku
33%
Gouvernement Mondial Dragon Céleste Saint Pluming
33%
Gouvernement Mondial Dragon Céleste (chien) Saru
33%
Agent d'Impel Down Bêtes d'Impel Down (Niveau 2) Scorpion Puzzle
33%
Marine Sergent Shine
33%
Marine Sous-Amiral Sicily
33%
Agent d'Impel Down Garde Sukoshiba Kanishitoru
33%
Marine 3ème classe Ukkari
33%
Marine Contre-Amiral, Base G-5 Yarisugi
33%
Marine Lieutenant Zott
33%
Agent d'Impel Down Bêtes d'Impel Down (Niveau 1) Blue Gorilles
17%
Marine Rang Inconnu (anciennement) Diez Barrels
17%
Agent d'Impel Down Bêtes d'Impel Down (Niveau 2) Mante Géante
17%
Marine Vice-Amiral Nazu Ketagari
17%
Marine Vice-Amiral Ototogisu
17%
Agent d'Impel Down Bêtes d'Impel Down (Niveau 5) Unité Loups
17%
Aucun quiz correspondant
Distribution des résultats
% des personnes avec chaque résultat
Percentile par nombre de réponses
Votre historique - résultats
Vous n’avez pas pris ce quiz depuis la dernière actualisation